000 00666nam a2200181 i 4500
001 100796
003 ES-MaACL
005 20230906182743.0
007 t|
008 051005m19761977sp ||||1| spa d
100 1 _aMateu y Llopis, Felipe.
_979009
245 1 3 _aLa obra investigadora valenciana de Robert Ignatius Burns, S. I. /
_cpor Felipe Mateu y Llopis.
260 _aValencia :
_bCentro de Cultura Valenciana,
_c1976-77.
300 _a3 h. ;
_c24 cm.
500 _aEs tirada aparte de Anales del Centro de Cultura Valenciana.- Año XXXVII-XXXVIII. Núms. 61-62.
710 2 _aCentro de Cultura Valenciana.
_92599
852 _aES-MaACL
_j2118-F-15
_bR.101884
999 _c100796
_d100796